[Event "Sant Adria de Besos op-B 5th"]
[Site "Sant Adria de Besos"]
[Date "2023.08.13"]
[Round "4"]
[White "Dominguez Diaz, Francisco"]
[Black "Cardona Espluga, Nil"]
[Result "0-1"]
[WhiteElo "1358"]
[BlackElo "1238"]
[PlyCount "56"]
[EventDate "2023.08.11"]
[EventType "swiss"]
[EventRounds "9"]
[EventCountry "ESP"]
[SourceTitle "EXT 2024"]
[Source "ChessBase"]
[SourceDate "2023.10.10"]
[SourceVersion "1"]
[SourceVersionDate "2023.10.10"]
[SourceQuality "1"]

1. e4 c5 2. Nf3 Nc6 3. Bc4 g6 4. Ng5 e6 5. d3 Bg7 6. Nc3 Nf6 7. Be3 d5 8. exd5 exd5 9. Bb3 h6 10. Nxf7 Kxf7 11. Bxc5 Re8+ 12. Kd2 a6 13. h3 Be6 14. Qf3 Rc8 15. Rhe1 d4 16. Bxe6+ Rxe6 17. Rxe6 dxc3+ 18. bxc3 Kxe6 19. Re1+ Kf7 20. d4 Qd5 21. Qe3 Re8 22. Qg3 Rxe1 23. Kxe1 Qe4+ 24. Qe3 Qxe3+ 25. fxe3 Ne4 26. Bb6 Nxc3 27. a3 Nd5 28. Ba7 Nxa7 0-1